A. WESLEY POWELL LEARNING RESOURCE CENTRE (WPLRC)

Wonderful Place to Learn, Research & Collaborate

Complex variables and applications / (Record no. 13378)

MARC details
000 -LEADER
fixed length control field 00944cam a2200277 a 4500
001 - ACCESSION NUMBER
control field 36148
003 - CONTROL NUMBER IDENTIFIER
control field OSt
005 - DATE AND TIME OF LATEST TRANSACTION
control field 20190508135026.0
008 - FIXED-LENGTH DATA ELEMENTS--GENERAL INFORMATION
fixed length control field 890427s1990 nyua b 001 0 eng
020 ## - INTERNATIONAL STANDARD BOOK NUMBER
International Standard Book Number 0070109052 :
Terms of availability $39.95
040 ## - CATALOGING SOURCE
Original cataloging agency DLC
Transcribing agency DDC
Modifying agency DLC
050 00 - LIBRARY OF CONGRESS CALL NUMBER
Classification number QA331.7
Item number .C524 1990
082 00 - DEWEY DECIMAL CLASSIFICATION NUMBER
Classification number 515.9 / CHU
Edition number 20
100 1# - MAIN ENTRY--PERSONAL NAME
Personal name Churchill, Ruel V.
Fuller form of name (Ruel Vance),
Dates associated with a name 1899-1987.
245 10 - TITLE STATEMENT
Title Complex variables and applications /
Statement of responsibility, etc. Ruel V. Churchill, James Ward Brown.
250 ## - EDITION STATEMENT
Edition statement 5th ed.
260 ## - PUBLICATION, DISTRIBUTION, ETC. (IMPRINT)
Place of publication, distribution, etc. New York :
Name of publisher, distributor, etc. McGraw-Hill,
Date of publication, distribution, etc. c1990.
300 ## - PHYSICAL DESCRIPTION
Extent xvi, 361 p. :
Other physical details ill. ;
Dimensions 25 cm.
440 #0 - SERIES STATEMENT/ADDED ENTRY--TITLE
Title Churchill-Brown series
500 ## - GENERAL NOTE
General note Includes index.
504 ## - BIBLIOGRAPHY, ETC. NOTE
Bibliography, etc Includes bibliographical references (p. 342-344).
650 #0 - SUBJECT ADDED ENTRY--TOPICAL TERM
Topical term or geographic name as entry element Functions of complex variables.
700 1# - ADDED ENTRY--PERSONAL NAME
Personal name Brown, James Ward.
906 ## - LOCAL DATA ELEMENT F, LDF (RLIN)
a 7
b cbc
c orignew
d 1
e ocip
f 19
g y-gencatlg
942 ## - ADDED ENTRY ELEMENTS (KOHA)
Source of classification or shelving scheme Dewey Decimal Classification
Koha item type Circ Books
Holdings
Withdrawn status Lost status Source of classification or shelving scheme Damaged status Not for loan Home library Current library Date acquired Total Checkouts Full call number Barcode Date last seen Price effective from Koha item type
    Dewey Decimal Classification     Wesley Powell Learning Resource Centre Wesley Powell Learning Resource Centre 05/08/2019   515.9 / CHU 36148 05/08/2019 05/08/2019 Circ Books